00587naa a2200169 a 450000100080000000500110000800800410001910000180006024500840007826000090016252001340017165300090030565300120031465300120032665300110033877300680034911237082015-04-22 2003 bl uuuu u00u1 u #d1 aVIEIRA, L. M. aAlho - Redu????o de ??rea nao devera ser t??o acentuada.h[electronic resource] c2003 aAn??lise do comportamento da safra de alho, considerando os aspectos de produ????o e de mercado nos ??mbitos estadual e nacional. aalho amercado apre??os asafras tInforme Conjuntural, Florian??polisgv. 21, n. 923, p. 4, 2003.